| 000 | 00422nam a2200181Ia 4500 | ||
|---|---|---|---|
| 001 | 4443 | ||
| 005 | 20260306145756.0 | ||
| 008 | 260306t2005||||xx |||||||||||||| ||spa|| | ||
| 041 | _aESP | ||
| 082 |
_a322.1 _bB94 |
||
| 100 |
_aBurleigh, Michael Christopher Bennet _eAUT |
||
| 245 | 0 | _aPoder terrenal | |
| 260 | _c2005 | ||
| 300 |
_a600 páginas : _ccm. |
||
| 650 | _aGEN | ||
| 654 | _aCHU | ||
| 942 |
_cLIB _dJUS _fJUS _2ddc _n |
||
| 999 |
_c4443 _d4443 |
||